[Event "Pan-Armenian ol"]
[Site "Yerevan"]
[Date "2010.08.22"]
[Round "8"]
[White "Sevian, Samuel"]
[Black "Meseljyan, Astghik"]
[Result "0-1"]
[WhiteElo "2132"]
[BlackElo "1834"]
[PlyCount "72"]
[EventDate "2010.08.15"]
[EventType "swiss"]
[EventRounds "9"]
[EventCountry "ARM"]
[SourceTitle "CBM 138 Extra"]
[Source "ChessBase"]
[SourceDate "2010.10.29"]
[SourceVersion "1"]
[SourceVersionDate "2010.10.29"]
[SourceQuality "1"]

1. e4 e5 2. Nf3 Nc6 3. Bc4 Bc5 4. b4 Bxb4 5. c3 Ba5 6. d4 exd4 7. Qb3 Qe7 8. 0-0 d6 9. cxd4 Nf6 10. e5 dxe5 11. d5 Nb4 12. a3 Nbxd5 13. Bxd5 c6 14. Bg5 0-0 15. Be4 h6 16. Bxf6 Qxf6 17. Nbd2 Qe7 18. Nc4 Bc7 19. Ne3 Kh8 20. Nf5 Bxf5 21. Bxf5 Bd6 22. Qe3 Rae8 23. Rfe1 Qf6 24. Be4 a6 25. g4 Qf4 26. Qxf4 exf4 27. Nd2 Be5 28. Rad1 Bc3 29. Kf1 Rd8 30. Re2 Rd4 31. Kg2 Rfd8 32. Nb1 Rxd1 33. Nxc3 Ra1 34. a4 g6 35. Bc2 Ra3 36. Nb1 f3+ 0-1

[Event "Pan-Armenian ol"]
[Site "Yerevan"]
[Date "2010.08.16"]
[Round "2"]
[White "Rohonyan, Katerina"]
[Black "Meseljyan, Astghik"]
[Result "1/2-1/2"]
[WhiteElo "2319"]
[BlackElo "1834"]
[PlyCount "98"]
[EventDate "2010.08.15"]
[EventType "swiss"]
[EventRounds "9"]
[EventCountry "ARM"]
[SourceTitle "CBM 138 Extra"]
[Source "ChessBase"]
[SourceDate "2010.10.29"]
[SourceVersion "1"]
[SourceVersionDate "2010.10.29"]
[SourceQuality "1"]

1. d4 d5 2. c4 e6 3. Nf3 c6 4. e3 Nf6 5. Nc3 Nbd7 6. Qc2 Bd6 7. g4 Nxg4 8. Rg1 Nxh2 9. Nxh2 Bxh2 10. Rxg7 Nf8 11. Rg2 Bd6 12. Bd2 Ng6 13. 0-0-0 Nh4 14. Rg1 Nf3 15. Rh1 Nxd2 16. Rxd2 Qf6 17. Rxh7 Bd7 18. Rxh8+ Qxh8 19. a3 0-0-0 20. Kb1 Kb8 21. Ka2 Rg8 22. Bd3 Rg1 23. cxd5 cxd5 24. f4 f5 25. Rg2 Rxg2 26. Qxg2 a6 27. Nb1 Be8 28. Nd2 Qh7 29. Nf3 Be7 30. Ng5 Qh6 31. Be2 Ka7 32. Bf3 Kb8 33. Be2 Ka7 34. Nf3 Qg6 35. Qxg6 Bxg6 36. Kb3 Kb6 37. Ng5 Bxg5 38. fxg5 Kc6 39. Kb4 Kb6 40. a4 a5+ 41. Kc3 Kc6 42. Kd2 Kd6 43. Ke1 Ke7 44. Kf2 Kf7 45. Kg3 Ke7 46. Bd1 Kd7 47. Kf4 Kd6 48. Be2 Bf7 49. Kg3 Bg6 1/2-1/2

[Event "EU-ch U16 Girls 19th"]
[Site "Fermo"]
[Date "2009.09.09"]
[Round "9"]
[White "Meseljyan, Astghik"]
[Black "Salido Polo, Veronica"]
[Result "0-1"]
[WhiteElo "1774"]
[BlackElo "1880"]
[PlyCount "46"]
[EventDate "2009.08.31"]
[EventType "swiss"]
[EventRounds "9"]
[EventCountry "ITA"]
[SourceTitle "CBM 132 Extra"]
[Source "ChessBase"]
[SourceDate "2009.11.03"]
[SourceVersion "1"]
[SourceVersionDate "2009.11.03"]
[SourceQuality "1"]

1. e4 c5 2. Nf3 d6 3. d4 cxd4 4. Nxd4 Nf6 5. Nc3 g6 6. Be3 Bg7 7. f3 0-0 8. Bc4 Nc6 9. Qd2 Bd7 10. 0-0-0 Rc8 11. Bb3 Ne5 12. g4 b5 13. h4 h5 14. gxh5 Nxh5 15. Rdg1 Kh7 16. Qe2 Nc4 17. Kb1 Nxe3 18. Qxe3 b4 19. Nce2 Bh6 20. Qf2 e5 21. f4 exd4 22. Qg2 Qf6 23. f5 gxf5 0-1

[Event "EU-ch U16 Girls 19th"]
[Site "Fermo"]
[Date "2009.08.31"]
[Round "1"]
[White "Purgar, Ivona"]
[Black "Meseljyan, Astghik"]
[Result "1-0"]
[WhiteElo "2079"]
[BlackElo "1774"]
[PlyCount "79"]
[EventDate "2009.08.31"]
[EventType "swiss"]
[EventRounds "9"]
[EventCountry "ITA"]
[SourceTitle "CBM 132 Extra"]
[Source "ChessBase"]
[SourceDate "2009.11.03"]
[SourceVersion "1"]
[SourceVersionDate "2009.11.03"]
[SourceQuality "1"]

1. e4 e5 2. Nf3 Nc6 3. Bb5 a6 4. Ba4 Nf6 5. 0-0 Be7 6. Re1 b5 7. Bb3 d6 8. c3 0-0 9. h3 Na5 10. Bc2 c5 11. d4 Qc7 12. Nbd2 cxd4 13. cxd4 Nc6 14. Nb3 a5 15. Be3 a4 16. Nbd2 Bd7 17. Rc1 Qb7 18. a3 Rac8 19. Bd3 Rfe8 20. dxe5 Nxe5 21. Rxc8 Rxc8 22. Bb1 b4 23. Nd4 bxa3 24. bxa3 Rc3 25. Nf5 Bxf5 26. exf5 Rxa3 27. Bd4 h6 28. Qc1 Nd3 29. Qxa3 Nxe1 30. Qg3 Qc8 31. Bc3 Nh5 32. Qg4 Nf6 33. Qg3 Nh5 34. Qg4 Nf6 35. Bxf6 Bxf6 36. Ne4 Be5 37. f6 g6 38. Qxc8+ Kh7 39. Qf8 Bh2+ 40. Kh1 1-0